|
|
|
|
| LEADER |
00000cam a22000004a 4500 |
| 001 |
musev2_8950 |
| 003 |
MdBmJHUP |
| 005 |
20230905041024.0 |
| 006 |
m o d |
| 007 |
cr||||||||nn|n |
| 008 |
061229s2007 utu o 00 0 eng d |
| 010 |
|
|
|z 2006103108
|
| 020 |
|
|
|a 9780874216653
|
| 020 |
|
|
|z 9780874216608
|
| 035 |
|
|
|a (OCoLC)607884411
|
| 040 |
|
|
|a MdBmJHUP
|c MdBmJHUP
|
| 043 |
|
|
|a n-us-az
|a n-us-co
|a n-us---
|
| 050 |
0 |
4 |
|a F788
|b .B69 2007
|
| 082 |
0 |
|
|a 917.91/320434
|2 22
|
| 100 |
1 |
|
|a Boyer, Diane E.
|
| 245 |
1 |
0 |
|a Damming Grand Canyon :
|b The 1923 USGS Colorado River Expedition /
|c Diane E. Boyer and Robert H. Webb ; U.S. Geological Survey ; foreword by Michael Collier.
|
| 264 |
|
1 |
|a Logan, Utah :
|b Utah State University Press,
|c 2007.
|
| 264 |
|
3 |
|a Baltimore, Md. :
|b Project MUSE,
|c 2012
|
| 264 |
|
4 |
|c ©2007.
|
| 300 |
|
|
|a 1 online resource (303 pages):
|b ill., maps ;
|
| 336 |
|
|
|a text
|b txt
|2 rdacontent
|
| 337 |
|
|
|a computer
|b c
|2 rdamedia
|
| 338 |
|
|
|a online resource
|b cr
|2 rdacarrier
|
| 504 |
|
|
|a Includes bibliographical references and index.
|
| 505 |
0 |
|
|a Water and the Colorado desert -- Where should the dams be? politics, the Colorado River Compact, and the Geological Survey's role -- Prelude to an expedition : Washington and Flagstaff -- A cumbersome journey : Flagstaff to Lee's Ferry to the Little Colorado River -- Surveys and portages : Furnace Flats through the Inner Gorge -- Of flips and floods : Bass Canyon to Diamond Creek -- Feeling their oats : Diamond Creek to Needles -- Aftermath : politics and the strident hydraulic engineer.
|
| 506 |
0 |
|
|a Open Access
|f Unrestricted online access
|2 star
|
| 588 |
|
|
|a Description based on print version record.
|
| 651 |
|
0 |
|a Colorado River (Colo.-Mexico)
|x Environmental conditions.
|
| 651 |
|
0 |
|a Grand Canyon (Ariz.)
|x Environmental conditions.
|
| 651 |
|
0 |
|a Colorado River (Colo.-Mexico)
|x Description and travel.
|
| 651 |
|
0 |
|a Grand Canyon (Ariz.)
|x Description and travel.
|
| 610 |
2 |
0 |
|a Geological Survey (U.S.)
|v Biography.
|
| 610 |
2 |
0 |
|a Geological Survey (U.S.)
|x History
|y 20th century.
|
| 650 |
|
0 |
|a Water resources development
|z Arizona
|z Grand Canyon
|x History
|y 20th century.
|
| 650 |
|
0 |
|a Water-supply
|x Political aspects
|z Arizona
|z Grand Canyon
|x History
|y 20th century.
|
| 650 |
|
0 |
|a Dams
|z Colorado River (Colo.-Mexico)
|x History
|y 20th century.
|
| 650 |
|
0 |
|a River surveys
|z Colorado River (Colo.-Mexico)
|x History
|y 20th century.
|
| 655 |
|
7 |
|a Electronic books.
|2 local
|
| 700 |
1 |
|
|a Webb, Robert H.
|
| 710 |
2 |
|
|a Geological Survey (U.S.)
|
| 710 |
2 |
|
|a Project Muse.
|e distributor
|
| 830 |
|
0 |
|a Book collections on Project MUSE.
|
| 856 |
4 |
0 |
|z Texto completo
|u https://projectmuse.uam.elogim.com/book/8950/
|
| 945 |
|
|
|a Project MUSE - Archive Complete Foundation
|
| 945 |
|
|
|a Project MUSE - Archive US Regional Studies, West Foundation
|